00677 2200217 4500001002100000005001700021008004100038035002500079040001200104082001200116084001500128245010200143260004400245300003800289500004400327504002500371650001500396700001800411850001200429990001800441INLIS00000000000975420150811164006.0  a0010-081500000001192 aYOPDYOG 223a650 aSK 650 Lap aLAPORAN Akhir KKN tematik kewirausahaan kelompok pendampingan kuliner IIc/ Danang Rizki [et.all] aYogyakartabUNiversitas Atma Jayac2010 aviii, 27 lembar: Ilus.;c29,5 cm. aLaporan Akhir Pusat Studi Kewirausahaan aBibliografi: hlm. 27 aWiraswasta aWIWIK Sunarni aYOPDYOG a47628-PD/A.15